[Event "87o Campeonato Brasileiro Absoluto Final Aberta"]
[Site "Cuiaba MT"]
[Date "2021.10.31"]
[Round "6"]
[Board "21"]
[White "Custodio, Leandro"]
[Black "Silva, Lucas Henrique Da"]
[Result "0-1"]
[WhiteElo "1953"]
[BlackElo "2158"]
[PlyCount "80"]
[EventDate "2021.10.28"]
[EventRounds "11"]
[EventCountry "BRA"]

1. Nf3 Nf6 2. b3 g6 3. Bb2 Bg7 4. e3 O-O 5. c4 c5 6. Be2 Nc6 7. O-O b6 8. d4
cxd4 9. exd4 d5 10. Ne5 Bb7 11. Nxc6 Bxc6 12. Bf3 Rc8 13. Nd2 dxc4 14. bxc4 e6
15. Rc1 Qd7 16. Qe2 Rfd8 17. Rfd1 Bxf3 18. Qxf3 Ne8 19. Nf1 Nd6 20. Qb3 b5 21.
c5 Nf5 22. d5 exd5 23. Bxg7 Kxg7 24. g4 Ne7 25. Qg3 Nc6 26. Rd3 d4 27. f4 Qd5
28. Qh4 h6 29. Rh3 Rh8 30. Ng3 d3 31. f5 d2 32. Nh5+ gxh5 33. Rd1 Qxc5+ 34. Kg2
Qd5+ 35. Kf2 Qd4+ 36. Kf1 hxg4 37. Rg3 Qf4+ 38. Kg2 h5 39. h3 Ne5 40. Qe7 Qe4+
 0-1

[Event "87o Campeonato Brasileiro Absoluto Final Aberta"]
[Site "Cuiaba MT"]
[Date "2021.10.31"]
[Round "6"]
[Board "22"]
[White "Zanette, Edgard Vinicius"]
[Black "Soares, Renan Barbosa Monteiro"]
[Result "1-0"]
[WhiteElo "2157"]
[BlackElo "1886"]
[PlyCount "93"]
[EventDate "2021.10.28"]
[EventRounds "11"]
[EventCountry "BRA"]

1. e4 c5 2. Nf3 d6 3. d4 cxd4 4. Nxd4 Nf6 5. Nc3 a6 6. g3 e5 7. Nde2 Be7 8. Bg2
O-O 9. O-O Be6 10. a4 Nc6 11. h3 Rc8 12. Kh2 Qc7 13. Nd5 Bxd5 14. exd5 Nb8 15.
Nc3 b6 16. f4 Nbd7 17. f5 h6 18. Rf2 Qc5 19. Qe2 Qb4 20. Qxa6 Rxc3 21. bxc3
Qxc3 22. Ra3 Qc5 23. Re2 Nxd5 24. Qb5 N5f6 25. Qxc5 Nxc5 26. a5 bxa5 27. Rxa5
Rb8 28. Ra8 Rxa8 29. Bxa8 Kf8 30. Ba3 Ncd7 31. c4 g5 32. Rb2 Ne8 33. Bc6 Nef6
34. Rb7 Nc5 35. Bxc5 dxc5 36. Kg2 Bd6 37. Kf3 e4+ 38. Bxe4 Nxe4 39. Kxe4 Bxg3
40. f6 h5 41. Kf5 g4 42. Rb3 Bc7 43. hxg4 h4 44. g5 Kg8 45. Kg4 Bg3 46. Rb7 Bf2
47. Rd7  1-0

[Event "87o Campeonato Brasileiro Absoluto Final Aberta"]
[Site "Cuiaba MT"]
[Date "2021.10.31"]
[Round "6"]
[Board "23"]
[White "Santanna, Paulo"]
[Black "Lage, Pedro Ferreira"]
[Result "1/2-1/2"]
[WhiteElo "1894"]
[BlackElo "2144"]
[PlyCount "86"]
[EventDate "2021.10.28"]
[EventRounds "11"]
[EventCountry "BRA"]

1. Nf3 d5 2. e3 Nf6 3. c4 c6 4. Nc3 g6 5. d4 Bg7 6. b3 O-O 7. h3 c5 8. cxd5
cxd4 9. Nxd4 Nxd5 10. Nxd5 Qxd5 11. Bb2 Rd8 12. Qc2 Bf5 13. Qc4 Qd7 14. Be2 Nc6
15. Rd1 Nxd4 16. Bxd4 Rac8 17. Qb4 Bxd4 18. Rxd4 Rc1+ 19. Bd1 Qc7 20. O-O Rxd4
21. Qxd4 Bb1 22. Qd2 Qc3 23. Qxc3 Rxc3 24. Bf3 Bd3 25. Rd1 b5 26. Rd2 b4 27. g4
e5 28. Bd5 e4 29. f3 exf3 30. Kf2 Rc2 31. Rxc2 Bxc2 32. Kxf3 Bb1 33. Ke2 Bxa2
34. Kd3 a5 35. e4 Bb1+ 36. Kc4 Kg7 37. Kb5 f5 38. exf5 gxf5 39. Kxa5 Kf6 40.
Kxb4 Kg5 41. gxf5 Bxf5 42. Bg2 Be6 43. Kc3 Bxb3  1/2-1/2

[Event "87o Campeonato Brasileiro Absoluto Final Aberta"]
[Site "Cuiaba MT"]
[Date "2021.10.31"]
[Round "6"]
[Board "24"]
[White "Castro Silva, Alex"]
[Black "Barbosa, Evandro Amorim"]
[Result "0-1"]
[WhiteElo "1961"]
[BlackElo "2509"]
[PlyCount "112"]
[EventDate "2021.10.28"]
[EventRounds "11"]
[EventCountry "BRA"]

1. e4 c5 2. Nf3 e6 3. d4 cxd4 4. Nxd4 Nc6 5. Nc3 d6 6. Bc4 Nf6 7. Bb3 Be7 8.
O-O O-O 9. f4 a6 10. f5 Nxd4 11. Qxd4 Qc7 12. Kh1 Bd7 13. Bg5 b5 14. Rad1 a5
15. Bxf6 Bxf6 16. Qxd6 Qxd6 17. Rxd6 Bc8 18. fxe6 Bxe6 19. Bd5 Rab8 20. Bxe6
fxe6 21. g3 Rfe8 22. Rd7 Rec8 23. Rf2 a4 24. a3 b4 25. axb4 a3 26. bxa3 Rxc3
27. Rd3 Rbc8 28. b5 Rxd3 29. cxd3 Rc1+ 30. Kg2 Ra1 31. e5 Bxe5 32. Re2 Bf6 33.
Rxe6 Rxa3 34. Rd6 Rb3 35. Rd5 Kf7 36. Kf3 Ke6 37. Ke4 Rb4+ 38. d4 g6 39. g4 g5
40. h3 h6 41. b6 Rxb6 42. Ra5 Be7 43. Re5+ Kf6 44. Rf5+ Kg6 45. Ke5 Bf6+ 46.
Kd5 Rb8 47. Kc4 Rc8+ 48. Kd3 Ra8 49. d5 Ra3+ 50. Kc4 Rxh3 51. d6 Rg3 52. Kc5
Rxg4 53. Rf1 Rf4 54. Rb1 g4 55. d7 Rd4 56. Kc6 h5  0-1

[Event "87o Campeonato Brasileiro Absoluto Final Aberta"]
[Site "Cuiaba MT"]
[Date "2021.10.31"]
[Round "6"]
[Board "25"]
[White "Oliveira, Silvio Eduardo"]
[Black "Pomar, Marcelo Nascimento"]
[Result "1-0"]
[WhiteElo "2321"]
[BlackElo "1947"]
[PlyCount "81"]
[EventDate "2021.10.28"]
[EventRounds "11"]
[EventCountry "BRA"]

1. e4 e5 2. Nf3 Nc6 3. Bb5 a6 4. Ba4 Nf6 5. O-O Be7 6. Re1 b5 7. Bb3 O-O 8. h3
d6 9. c3 Na5 10. Bc2 c5 11. d4 Qc7 12. d5 c4 13. Be3 Bd7 14. b4 Nb7 15. a4 bxa4
16. Na3 a5 17. Nd2 axb4 18. cxb4 Nxe4 19. Nxe4 f5 20. Bg5 Qd8 21. Bxe7 Qxe7 22.
Nc3 f4 23. Be4 Qg5 24. Kf1 Rf6 25. Bf3 Rg6 26. Ne4 Qh4 27. Nb1 Qd8 28. Bh5 Rh6
29. Bg4 Bxg4 30. Qxg4 Qb6 31. Nbc3 a3 32. Qd7 f3 33. Rxa3 fxg2+ 34. Kxg2 Rf8
35. Re3 Rg6+ 36. Rg3 Rxg3+ 37. Kxg3 Qd4 38. Qxb7 Qd3+ 39. Kh2 Qf3 40. Ra1 Qf4+
41. Kh1  1-0

[Event "87o Campeonato Brasileiro Absoluto Final Aberta"]
[Site "Cuiaba MT"]
[Date "2021.10.31"]
[Round "6"]
[Board "26"]
[White "Do Valle Cardoso, Lucas"]
[Black "Dos Anjos, Avner Augusto"]
[Result "0-1"]
[WhiteElo "2285"]
[BlackElo "1923"]
[PlyCount "58"]
[EventDate "2021.10.28"]
[EventRounds "11"]
[EventCountry "BRA"]

1. e4 c5 2. Nf3 d6 3. d4 cxd4 4. Nxd4 Nf6 5. Nc3 a6 6. Be3 e5 7. Nb3 Be6 8. f3
h5 9. Qd2 Nbd7 10. Nd5 Bxd5 11. exd5 g6 12. Na5 Qc7 13. c4 b6 14. Nc6 Bg7 15.
Be2 Nb8 16. Nxb8 Rxb8 17. O-O O-O 18. b4 Qb7 19. Rfd1 Rfd8 20. a4 Rd7 21. a5
bxa5 22. b5 axb5 23. cxb5 e4 24. Rxa5 exf3 25. gxf3 Re8 26. Ra7 Qb8 27. b6 Bh6
28. Ra8 Bxe3+ 29. Qxe3 Qxa8  0-1

[Event "87o Campeonato Brasileiro Absoluto Final Aberta"]
[Site "Cuiaba MT"]
[Date "2021.10.31"]
[Round "6"]
[Board "27"]
[White "Cilento, Lucas Geraldo"]
[Black "Jordao Barbosa, Marcio"]
[Result "0-1"]
[WhiteElo "1952"]
[BlackElo "2183"]
[PlyCount "56"]
[EventDate "2021.10.28"]
[EventRounds "11"]
[EventCountry "BRA"]

1. e4 e5 2. Nf3 Nc6 3. Bb5 Nge7 4. Nc3 g6 5. d3 Bg7 6. Bg5 h6 7. Be3 Nd4 8. Ba4
c6 9. Ng1 d5 10. exd5 Nxd5 11. Bd2 O-O 12. Nge2 Bg4 13. f3 Qh4+ 14. Ng3 Nf5 15.
Kf2 e4 16. Nxd5 cxd5 17. c3 exf3 18. gxf3 Bh5 19. d4 Bxd4+ 20. cxd4 Nxd4 21.
Bc3 Nxf3 22. Bb3 d4 23. Bb4 Rfe8 24. Qd3 Re3 25. Bxf7+ Kxf7 26. Qc4+ Kg7 27.
Qc7+ Kh8 28. Kg2 Rae8  0-1

[Event "87o Campeonato Brasileiro Absoluto Final Aberta"]
[Site "Cuiaba MT"]
[Date "2021.10.31"]
[Round "6"]
[Board "28"]
[White "Ribeiro, Matheus Mendes Domingues"]
[Black "Ribeiro, Fabiano Pinto"]
[Result "1-0"]
[WhiteElo "2177"]
[BlackElo "1831"]
[PlyCount "57"]
[EventDate "2021.10.28"]
[EventRounds "11"]
[EventCountry "BRA"]

1. c4 c5 2. Nf3 Nc6 3. Nc3 e5 4. e3 d6 5. d4 Bg4 6. Be2 Nf6 7. Nxe5 Nxe5 8.
dxe5 Bxe2 9. Qxe2 dxe5 10. O-O a6 11. Rd1 Qc7 12. e4 h6 13. Be3 Be7 14. Nd5 Qc6
15. Qf3 b6 16. Qg3 Nxd5 17. Rxd5 Bf6 18. Rad1 Rb8 19. Rxe5+ Kf8 20. Red5 Re8
21. e5 Be7 22. h3 Qa4 23. Qg4 Qxa2 24. e6 fxe6 25. Qxe6 Qxb2 26. Qg6 Bf6 27.
Rd7 Be7 28. R1d5 Qb1+ 29. Qxb1  1-0

[Event "87o Campeonato Brasileiro Absoluto Final Aberta"]
[Site "Cuiaba MT"]
[Date "2021.10.31"]
[Round "6"]
[Board "29"]
[White "Zakowicz, Rafael"]
[Black "Mazetto, Sergio Luiz"]
[Result "0-1"]
[WhiteElo "1932"]
[BlackElo "2119"]
[PlyCount "62"]
[EventDate "2021.10.28"]
[EventRounds "11"]
[EventCountry "BRA"]

1. e4 c5 2. Nf3 g6 3. Bc4 Bg7 4. d4 cxd4 5. Nxd4 Qa5+ 6. Nc3 Qc5 7. Bxf7+ Kxf7
8. Be3 Qa5 9. O-O Nc6 10. Ndb5 d6 11. Qf3+ Nf6 12. a3 Rf8 13. b4 Qd8 14. h3 Kg8
15. Rad1 Nd5 16. Qg3 Nxc3 17. Nxc3 Bxc3 18. f4 Bg7 19. b5 Na5 20. h4 Nc4 21.
Bc1 Be6 22. h5 Qb6+ 23. Kh1 Qxb5 24. hxg6 Qh5+ 25. Kg1 hxg6 26. Qb3 Qc5+ 27.
Kh1 Kf7 28. g4 Nd2 29. Qxb7 Nxf1 30. f5 Rh8+ 31. Kg2 Rh2+  0-1

[Event "87o Campeonato Brasileiro Absoluto Final Aberta"]
[Site "Cuiaba MT"]
[Date "2021.10.31"]
[Round "6"]
[Board "30"]
[White "Trevisan, Rodrigo"]
[Black "Nunes, Gustavo Morais"]
[Result "1-0"]
[WhiteElo "2111"]
[BlackElo "1819"]
[PlyCount "57"]
[EventDate "2021.10.28"]
[EventRounds "11"]
[EventCountry "BRA"]

1. c4 e6 2. Nf3 d5 3. g3 Nf6 4. Bg2 Be7 5. O-O O-O 6. b3 c6 7. Bb2 Nbd7 8. Qc2
b6 9. cxd5 cxd5 10. Rc1 Ba6 11. Nc3 Rc8 12. Qd1 Re8 13. Nd4 Nf8 14. Ncb5 e5 15.
Rxc8 Qxc8 16. Rc1 Bc5 17. Nd6 Bxd6 18. Rxc8 Rxc8 19. Nf5 Bb8 20. Ne7+ Kh8 21.
Nxc8 Bxc8 22. Qc1 Bb7 23. Bh3 N6d7 24. d4 e4 25. Qg5 f6 26. Qc1 g6 27. Bc3 f5
28. Qg5 Kg8 29. Qd8  1-0

[Event "87o Campeonato Brasileiro Absoluto Final Aberta"]
[Site "Cuiaba MT"]
[Date "2021.10.31"]
[Round "6"]
[Board "31"]
[White "Kruger, Israel"]
[Black "Mariano, Marceley Martins"]
[Result "0-1"]
[WhiteElo "1882"]
[BlackElo "2095"]
[PlyCount "144"]
[EventDate "2021.10.28"]
[EventRounds "11"]
[EventCountry "BRA"]

1. e4 c5 2. Nf3 d6 3. d4 cxd4 4. Nxd4 Nf6 5. Nc3 a6 6. Rg1 e5 7. Nb3 b5 8. g4
h6 9. h4 Be6 10. g5 hxg5 11. hxg5 Nfd7 12. g6 fxg6 13. Rxg6 Nf6 14. Be3 Nbd7
15. Qf3 b4 16. Nd5 Bxd5 17. exd5 a5 18. O-O-O a4 19. Nd2 Qc7 20. Nc4 b3 21. a3
bxc2 22. Rd2 Nc5 23. Rxc2 Nb3+ 24. Kb1 Qf7 25. Qg2 Rh1 26. Rxf6 Rxf1+ 27. Qxf1
Qxf6 28. Nb6 Ra5 29. Qh3 Ra7 30. Bg5 Qg6 31. Qe6+ Qxe6 32. dxe6 Nc5 33. Rc4
Nxe6 34. Be3 Rb7 35. Rxa4 Nc7 36. Nc4 Kf7 37. Ra7 Rxa7 38. Bxa7 Ke6 39. Bb6 Nd5
40. a4 Nb4 41. Na3 d5 42. Nc2 Nd3 43. a5 Kd7 44. Ne3 Kc6 45. Kc2 Nb4+ 46. Kd2
Be7 47. Nf5 Bg5+ 48. Kc3 g6 49. Ng3 Kb5 50. Bc7 Bf6 51. Ne2 d4+ 52. Kd2 Nc6 53.
Kd3 Nxa5 54. f4 exf4 55. Nxf4 g5 56. Ne6 Nc6 57. Bd6 g4 58. Bg3 Nb4+ 59. Kd2
Kc4 60. Bf2 d3 61. Bc5 g3 62. b3+ Kxb3 63. Bg1 Kc4 64. Be3 Bc3+ 65. Kd1 Nd5 66.
Bg1 Nf6 67. Ng5 Bd4 68. Nf3 Bxg1 69. Nxg1 Kd4 70. Kd2 Ne4+ 71. Ke1 Ke3 72. Kd1
Nf2+  0-1

[Event "87o Campeonato Brasileiro Absoluto Final Aberta"]
[Site "Cuiaba MT"]
[Date "2021.10.31"]
[Round "6"]
[Board "32"]
[White "Cardoso, Marcio De Lucca"]
[Black "Souza Neves, Andrey M."]
[Result "0-1"]
[WhiteElo "1892"]
[BlackElo "2087"]
[PlyCount "44"]
[EventDate "2021.10.28"]
[EventRounds "11"]
[EventCountry "BRA"]

1. e4 c5 2. Nf3 Nc6 3. d4 cxd4 4. Nxd4 Nf6 5. Nc3 d6 6. Bc4 Qb6 7. Nde2 e6 8.
Be3 Qa5 9. Qd2 Be7 10. f3 O-O 11. O-O-O a6 12. Nd4 Nxd4 13. Bxd4 b5 14. Bb3 b4
15. Nb1 Qb5 16. a4 Qa5 17. Na3 d5 18. exd5 exd5 19. c4 Bf5 20. Nc2 Rfc8 21.
Bxf6 dxc4 22. Qg5 Bxf6  0-1

[Event "87o Campeonato Brasileiro Absoluto Final Aberta"]
[Site "Cuiaba MT"]
[Date "2021.10.31"]
[Round "6"]
[Board "33"]
[White "Piccoli, Lucas Fonseca"]
[Black "Lima, Vinicius Taishun"]
[Result "1-0"]
[WhiteElo "2075"]
[BlackElo "1788"]
[PlyCount "117"]
[EventDate "2021.10.28"]
[EventRounds "11"]
[EventCountry "BRA"]

1. c4 c5 2. Nf3 Nc6 3. Nc3 g6 4. e3 Nf6 5. d4 cxd4 6. exd4 d5 7. cxd5 Nxd5 8.
Qb3 Nxc3 9. Bc4 Nd5 10. Bxd5 e6 11. Bxc6+ bxc6 12. O-O Qd5 13. Bf4 Qxb3 14.
axb3 f6 15. Rfc1 Kd7 16. Nd2 g5 17. Bg3 Be7 18. Nc4 Bd8 19. Nd6 Bc7 20. Ne4 Rf8
21. Rc4 Bxg3 22. hxg3 Ke7 23. Nc5 a6 24. Rac1 Rb8 25. R1c3 h5 26. Re3 Kd6 27.
Ne4+ Kc7 28. Rec3 Rb6 29. Rf3 g4 30. Rfc3 f5 31. Nc5 Bd7 32. Ra4 Ra8 33. Kf1
Kd6 34. Ke2 Bc8 35. Rac4 Bd7 36. Kd2 Rh8 37. Nd3 h4 38. Ne5 Rh7 39. gxh4 Rxh4
40. Ra4 Rh2 41. Nc4+ Kc7 42. Nxb6 Kxb6 43. Rg3 Be8 44. Ra1 Kb5 45. Ke3 c5 46.
dxc5 e5 47. Kd2 Bc6 48. Re1 Be4 49. Kc3 Kxc5 50. b4+ Kd5 51. f3 gxf3 52. gxf3
Rc2+ 53. Kb3 Bd3 54. Rd1 Kd4 55. Rxd3+ Kxd3 56. f4+ Kd2 57. Rg2+ Ke3 58. Kxc2
exf4 59. Rg5  1-0

[Event "87o Campeonato Brasileiro Absoluto Final Aberta"]
[Site "Cuiaba MT"]
[Date "2021.10.31"]
[Round "6"]
[Board "34"]
[White "Da Rosa, Henrique Jaze Simoes"]
[Black "Veiga, Emerson De Sousa"]
[Result "0-1"]
[WhiteElo "1788"]
[BlackElo "2072"]
[PlyCount "74"]
[EventDate "2021.10.28"]
[EventRounds "11"]
[EventCountry "BRA"]

1. Nf3 Nf6 2. c4 e6 3. g3 d5 4. Bg2 Be7 5. O-O O-O 6. d4 dxc4 7. Ne5 c5 8. dxc5
Qc7 9. Nxc4 Qxc5 10. b3 Rd8 11. Qc2 Nc6 12. Ba3 Nb4 13. Bxb4 Qxb4 14. a3 Qc5
15. Nc3 Rb8 16. Rfd1 Bd7 17. e4 b5 18. Na5 Rdc8 19. Rdc1 Ng4 20. b4 Qh5 21. h3
Ne5 22. Qe2 Qh6 23. f4 Nc4 24. Nxc4 Rxc4 25. Qe3 Bd8 26. Kh2 Bb6 27. Qe2 Rbc8
28. Qd3 Bd4 29. Ra2 e5 30. Rac2 exf4 31. Ne2 fxg3+ 32. Nxg3 Qd6 33. Rxc4 bxc4
34. Qf3 Be5 35. Rc2 c3 36. Bf1 Ba4 37. Qg4 Bxg3+  0-1

[Event "87o Campeonato Brasileiro Absoluto Final Aberta"]
[Site "Cuiaba MT"]
[Date "2021.10.31"]
[Round "6"]
[Board "35"]
[White "Soares, Joao Carlos T. C."]
[Black "De Carvalho, Vitor Augusto Ponciano"]
[Result "1/2-1/2"]
[WhiteElo "2056"]
[BlackElo "1757"]
[PlyCount "77"]
[EventDate "2021.10.28"]
[EventRounds "11"]
[EventCountry "BRA"]

1. d4 Nf6 2. c4 g6 3. Nc3 d5 4. Nf3 Bg7 5. Bg5 Ne4 6. cxd5 Nxc3 7. bxc3 Qxd5 8.
e3 c5 9. Be2 cxd4 10. cxd4 Qa5+ 11. Qd2 Qxd2+ 12. Kxd2 Bf5 13. Rhc1 Nc6 14. Bb5
Bd7 15. Rab1 e6 16. Ba4 Na5 17. Bxd7+ Kxd7 18. Bf4 Rac8 19. Ng5 f6 20. Ne4 b6
21. Nd6 Rxc1 22. Rxc1 e5 23. Nb5 Rc8 24. Rxc8 Kxc8 25. Bg3 a6 26. Nd6+ Kd7 27.
dxe5 fxe5 28. Nf7 Nc6 29. Ng5 h6 30. Ne4 Nb4 31. a3 Nd5 32. Kc2 Ke6 33. Kb3 Bf8
34. Nd2 b5 35. a4 Bb4 36. Nf3 Bd6 37. axb5 axb5 38. h3 Nb6 39. e4  1/2-1/2

[Event "87o Campeonato Brasileiro Absoluto Final Aberta"]
[Site "Cuiaba MT"]
[Date "2021.10.31"]
[Round "6"]
[Board "36"]
[White "Franca Junior, Jairo"]
[Black "Do Nascimento, Christian Almeida"]
[Result "0-1"]
[WhiteElo "1755"]
[BlackElo "2037"]
[PlyCount "62"]
[EventDate "2021.10.28"]
[EventRounds "11"]
[EventCountry "BRA"]

1. e4 c5 2. Nf3 g6 3. d4 cxd4 4. Nxd4 Bg7 5. c4 Nc6 6. Be3 Nh6 7. Nc3 O-O 8.
Be2 d6 9. O-O f5 10. h3 f4 11. Nxc6 bxc6 12. Bd2 e5 13. Be1 Be6 14. b3 Qe7 15.
Rc1 Rad8 16. Bf3 Nf7 17. Bg4 Ng5 18. Bxe6+ Qxe6 19. Qg4 Qf6 20. h4 Ne6 21. Ne2
h5 22. Qh3 Bh6 23. f3 Rf7 24. Rc3 Rg7 25. Kh1 Kh8 26. Rd3 g5 27. hxg5 Nxg5 28.
Qxh5 Rdg8 29. Bh4 Rh7 30. Kg1 Nh3+ 31. Kh2 Bg5  0-1

[Event "87o Campeonato Brasileiro Absoluto Final Aberta"]
[Site "Cuiaba MT"]
[Date "2021.10.31"]
[Round "6"]
[Board "38"]
[White "Souza Dos Santos, Matheus Garcett"]
[Black "Nascimento, Davi De Araujo"]
[Result "1-0"]
[WhiteElo "1999"]
[BlackElo "1628"]
[PlyCount "65"]
[EventDate "2021.10.28"]
[EventRounds "11"]
[EventCountry "BRA"]

1. e4 c6 2. d4 d5 3. e5 c5 4. dxc5 e6 5. a3 Bxc5 6. b4 Bb6 7. Bb2 Ne7 8. Bd3
Ng6 9. Nf3 Nd7 10. g3 a5 11. O-O Qc7 12. Qe2 O-O 13. h4 f6 14. Bxg6 hxg6 15.
Kg2 Kf7 16. Nc3 Qc6 17. Rae1 axb4 18. axb4 Bc7 19. exf6 Nxf6 20. b5 Qb6 21.
Ng5+ Kg8 22. Qd3 Ng4 23. Nd1 Rf5 24. f3 Nf6 25. Ne3 Qd6 26. Nxf5 gxf5 27. Be5
Qc5 28. Bxc7 Ra3 29. Bb6 Qd6 30. Qd4 Nh5 31. Re5 Ra4 32. Qc5 Qb8 33. Qe7  1-0

[Event "87o Campeonato Brasileiro Absoluto Final Aberta"]
[Site "Cuiaba MT"]
[Date "2021.10.31"]
[Round "6"]
[Board "39"]
[White "Damasceno, Enzo De Carvalho"]
[Black "Araujo, Everson De Moura"]
[Result "1/2-1/2"]
[WhiteElo "1692"]
[BlackElo "1965"]
[PlyCount "61"]
[EventDate "2021.10.28"]
[EventRounds "11"]
[EventCountry "BRA"]

1. c4 c5 2. Nc3 Nc6 3. Nf3 e5 4. g3 g6 5. Bg2 Bg7 6. O-O Nge7 7. d3 O-O 8. a3
d6 9. Rb1 a5 10. Ne1 Be6 11. Bg5 f6 12. Be3 Qd7 13. Nc2 Bh3 14. b4 Bxg2 15.
Kxg2 axb4 16. axb4 b6 17. bxc5 bxc5 18. Qd2 f5 19. Bh6 f4 20. Bxg7 Kxg7 21. f3
h5 22. Rb2 Rab8 23. Rxb8 Nxb8 24. e3 g5 25. Ne4 Kh6 26. d4 exd4 27. exd4 Nf5
28. dxc5 dxc5 29. Qxd7 Nxd7 30. Rd1 Ne5 31. Rd5  1/2-1/2

[Event "87o Campeonato Brasileiro Absoluto Final Aberta"]
[Site "Cuiaba MT"]
[Date "2021.10.31"]
[Round "6"]
[Board "40"]
[White "Santos, Marcus Vinicius Moreira"]
[Black "Cabral Teske, Luiz Fernando"]
[Result "1/2-1/2"]
[WhiteElo "2375"]
[BlackElo "1894"]
[PlyCount "41"]
[EventDate "2021.10.28"]
[EventRounds "11"]
[EventCountry "BRA"]

1. d4 Nf6 2. c4 g6 3. Nc3 d5 4. h4 c5 5. cxd5 Nxd5 6. dxc5 Nxc3 7. Qxd8+ Kxd8
8. bxc3 Bg7 9. Bd2 Nd7 10. c6 bxc6 11. g3 Rb8 12. Bg2 c5 13. Nf3 h6 14. O-O e6
15. Rab1 Rxb1 16. Rxb1 Ba6 17. Kf1 Ke7 18. Ne1 Rb8 19. Rxb8 Nxb8 20. Nd3 Nd7
21. Be3  1/2-1/2

[Event "87o Campeonato Brasileiro Absoluto Final Aberta"]
[Site "Cuiaba MT"]
[Date "2021.10.31"]
[Round "6"]
[Board "41"]
[White "Federzoni, Enzo"]
[Black "Passos, Rafael Moreira"]
[Result "1-0"]
[WhiteElo "2215"]
[BlackElo "1893"]
[PlyCount "57"]
[EventDate "2021.10.28"]
[EventRounds "11"]
[EventCountry "BRA"]

1. e4 c5 2. Nf3 e6 3. d4 cxd4 4. Nxd4 Nc6 5. Nc3 Qc7 6. f4 a6 7. Nb3 d6 8. Be3
Nf6 9. Bd3 Be7 10. Qf3 Nd7 11. O-O b6 12. f5 Nce5 13. Qg3 Bf6 14. fxe6 fxe6 15.
Nd4 Nc5 16. Bg5 Bxg5 17. Qxg5 Qe7 18. Qh5+ g6 19. Qe2 Bb7 20. Bc4 Nxc4 21. Qxc4
Kd7 22. b4 Nxe4 23. Na4 Nd2 24. Nxb6+ Ke8 25. Qe2 Nxf1 26. Nxa8 Ne3 27. Qxe3
Bxa8 28. Nxe6 Kd7 29. Qa7+  1-0

[Event "87o Campeonato Brasileiro Absoluto Final Aberta"]
[Site "Cuiaba MT"]
[Date "2021.10.31"]
[Round "6"]
[Board "42"]
[White "Brito, Vicente De Paulo Alencar"]
[Black "Urquiza, Marcello De Albuquerque"]
[Result "1-0"]
[WhiteElo "1889"]
[BlackElo "2093"]
[PlyCount "99"]
[EventDate "2021.10.28"]
[EventRounds "11"]
[EventCountry "BRA"]

1. d4 d5 2. Bf4 Nf6 3. Nc3 e6 4. e3 a6 5. Bd3 c5 6. dxc5 Bxc5 7. Nge2 Nc6 8.
Bg5 O-O 9. Nf4 Ne5 10. Nh5 Be7 11. Nxf6+ Bxf6 12. h4 h6 13. Bxf6 Qxf6 14. f4
Nc4 15. Bxc4 dxc4 16. Qf3 Rd8 17. g4 Qg6 18. Rd1 Rxd1+ 19. Qxd1 b5 20. h5 Qf6
21. g5 hxg5 22. Ne4 Qe7 23. h6 Bb7 24. hxg7 Bxe4 25. Qh5 f6 26. Qh8+ Kf7 27.
fxg5 Qe8 28. Qh6 Bxh1 29. Qxf6+ Kg8 30. Qh6 Rd8 31. g6 Rd1+ 32. Kxd1 Qd7+ 33.
Ke1 Qxg7 34. Qxh1 Qxg6 35. Qa8+ Kh7 36. Qxa6 Qg3+ 37. Kd2 Qf2+ 38. Kc3 Qxe3+
39. Kb4 Qd2+ 40. Kxb5 Qxc2 41. Qa3 Qd3 42. Qc3 Qb1 43. a4 Qf5+ 44. Kxc4 Qd5+
45. Kb4 e5 46. a5 e4 47. Qc7+ Kg6 48. Qb6+ Kf5 49. a6 Qd2+ 50. Kc5  1-0

[Event "87o Campeonato Brasileiro Absoluto Final Aberta"]
[Site "Cuiaba MT"]
[Date "2021.10.31"]
[Round "6"]
[Board "43"]
[White "Andrade, Roberto Luiz Costa"]
[Black "Farias, Igor Borge Cardoso"]
[Result "1/2-1/2"]
[WhiteElo "2060"]
[BlackElo "1889"]
[PlyCount "99"]
[EventDate "2021.10.28"]
[EventRounds "11"]
[EventCountry "BRA"]

1. e4 c5 2. Nf3 d6 3. d4 cxd4 4. Nxd4 Nf6 5. Nc3 a6 6. Bg5 e6 7. f4 Be7 8. Qf3
Qc7 9. O-O-O Nbd7 10. g4 b5 11. Bxf6 Nxf6 12. g5 Nd7 13. f5 Bxg5+ 14. Kb1 Ne5
15. Qh5 Bf6 16. fxe6 g6 17. Nd5 Qd8 18. Qh3 O-O 19. exf7+ Rxf7 20. Qg3 Bh4 21.
Qb3 Bg4 22. Be2 Bxe2 23. Nxe2 Nc4 24. Qh3 Qg5 25. Nec3 Bf2 26. Qe6 Qe5 27. Qxe5
dxe5 28. Rhf1 b4 29. Ne2 Raf8 30. Ka1 Bd4 31. Rxf7 Bxb2+ 32. Kb1 Rxf7 33. Nb6
Nxb6 34. Kxb2 Rf3 35. Rd3 Na4+ 36. Kc1 Rxd3 37. cxd3 Nc5 38. d4 exd4 39. Nxd4
Nxe4 40. Nc6 g5 41. Nxb4 Nc5 42. Kc2 h5 43. Kc3 g4 44. Kd4 h4 45. Ke3 Kg7 46.
Kf4 g3 47. hxg3 h3 48. Kf3 Kg6 49. Nxa6 Nxa6 50. g4  1/2-1/2

[Event "87o Campeonato Brasileiro Absoluto Final Aberta"]
[Site "Cuiaba MT"]
[Date "2021.10.31"]
[Round "6"]
[Board "44"]
[White "Valcarcel, Victor Ignacio Dos Santos"]
[Black "De Oliveira, Aquiles Machado"]
[Result "1-0"]
[WhiteElo "1879"]
[BlackElo "2059"]
[PlyCount "59"]
[EventDate "2021.10.28"]
[EventRounds "11"]
[EventCountry "BRA"]

1. e4 c5 2. Nf3 Nc6 3. Be2 g6 4. c3 Bg7 5. d4 cxd4 6. cxd4 d5 7. exd5 Qxd5 8.
Nc3 Qd8 9. Be3 Nf6 10. d5 Nb8 11. Qb3 O-O 12. O-O Ne8 13. Ne4 Nd7 14. Rfd1 Ndf6
15. Nxf6+ Bxf6 16. Rac1 Nd6 17. Bd4 Bxd4 18. Nxd4 a6 19. Bf3 Bd7 20. h4 h5 21.
Qd3 Nf5 22. Be4 Nxd4 23. Qxd4 Rb8 24. d6 exd6 25. Qxd6 Qxh4 26. Bxg6 Bg4 27.
Bxf7+ Rxf7 28. Qxb8+ Kh7 29. Rd2 Bf3 30. Rc7  1-0

[Event "87o Campeonato Brasileiro Absoluto Final Aberta"]
[Site "Cuiaba MT"]
[Date "2021.10.31"]
[Round "6"]
[Board "45"]
[White "Alves Campelo, Danilo Cesar De L"]
[Black "Messias, Jose Vitor Lamosa Prado"]
[Result "1-0"]
[WhiteElo "2017"]
[BlackElo "1762"]
[PlyCount "65"]
[EventDate "2021.10.28"]
[EventRounds "11"]
[EventCountry "BRA"]

1. e4 c5 2. Nf3 Nc6 3. d4 cxd4 4. Nxd4 e5 5. Nxc6 bxc6 6. Bc4 Nf6 7. Qe2 Bb4+
8. c3 Be7 9. O-O O-O 10. a4 Qc7 11. Rd1 Bb7 12. b4 d5 13. Bd3 Rad8 14. Nd2 Rd7
15. Bb2 Rfd8 16. exd5 cxd5 17. Bf5 Rd6 18. Qxe5 g6 19. Bd3 Bf8 20. Re1 Bg7 21.
Qg3 Nh5 22. Qe3 d4 23. cxd4 Bxd4 24. Bxd4 Rxd4 25. Ra3 Nf4 26. Be4 Rxd2 27.
Bxb7 Ne2+ 28. Rxe2 Qc1+ 29. Re1 Qxa3 30. Qxa3 Rc2 31. g3 h5 32. h4 Rb8 33. Bd5
 1-0